Central Library OPAC University of Rajshahi

Population / (Record no. 33879)

MARC details
000 -LEADER
fixed length control field 00803nam a2200241 a 4500
001 - CONTROL NUMBER
control field 33879
003 - CONTROL NUMBER IDENTIFIER
rucl marc code BD-RjUL
005 - DATE AND TIME OF LATEST TRANSACTION
control field 20211209052055.0
008 - FIXED-LENGTH DATA ELEMENTS--GENERAL INFORMATION
fixed length control field 930916s1954 enk 000 0 eng d
035 ## - SYSTEM CONTROL NUMBER
System control number (BD-RjUL)33971
040 ## - CATALOGING SOURCE
Original cataloging agency UkOxU
Language of cataloging eng
Transcribing agency UkOxU
Modifying agency BD-RjUL
041 ## - LANGUAGE CODE
Language code of text/sound track or separate title eng
082 04 - DEWEY DECIMAL CLASSIFICATION NUMBER
Classification number 301.32
Author mark and year BOP 1955
100 1# - MAIN ENTRY--PERSONAL NAME
Personal name Bowen, Ian,
Dates associated with a name 1908-
9 (RLIN) 102920
245 10 - TITLE STATEMENT
Title Population /
Statement of responsibility, etc. by Ian Bowen ; with an introduction by C. W. Guillebaud.
260 ## - PUBLICATION, DISTRIBUTION, ETC. (IMPRINT)
Place of publication, distribution, etc. London :
Name of publisher, distributor, etc. James Nisbet ;
Place of publication, distribution, etc. Cambridge :
Name of publisher, distributor, etc. Cambridge University Press,
Date of publication, distribution, etc. c1954 [Reprinted 1955].
300 ## - PHYSICAL DESCRIPTION
Pagination 256 p. ;
Size 18 cm.
504 ## - BIBLIOGRAPHY, ETC. NOTE
Bibliography, etc Bibliography p. 249-256.
650 #7 - SUBJECT ADDED ENTRY--TOPICAL TERM
Topical term or geographic name as entry element Population.
9 (RLIN) 102921
700 1# - ADDED ENTRY--PERSONAL NAME
Personal name Guillebaud, C. W.
Fuller form of name (Claude William),
Dates associated with a name 1890-1971.
830 #0 - SERIES ADDED ENTRY--UNIFORM TITLE
Uniform title Cambridge economic handbooks.
942 ## - ADDED ENTRY ELEMENTS (KOHA)
Source of classification or shelving scheme Dewey Decimal Classification
Koha item type Books
Holdings
Lost status Source of classification or shelving scheme Damaged status Not for loan Permanent Location Current Location Shelving location Date acquired Source of acquisition Cost, normal purchase price Total Checkouts Full call number Date last seen Copy number Koha item type Collection code
  Dewey Decimal Classification   Not For Loan Central Library, University of Rajshahi Central Library, University of Rajshahi Reading Room 27/01/1958 Pak-American 7.14   301.32 BOP 1955 11/05/2014 C-1 Books  
  Dewey Decimal Classification     Central Library, University of Rajshahi Central Library, University of Rajshahi   26/03/1958 Pak-American Com. 7.14   301.32 BOP 1964 12/05/2014 C-2 Books Non-fiction
  Dewey Decimal Classification     Central Library, University of Rajshahi Central Library, University of Rajshahi   12/05/1967 University Book Age. 9.37   304.6 BOP 1964 14/05/2014 C-3 Books Non-fiction
  Dewey Decimal Classification     Central Library, University of Rajshahi Central Library, University of Rajshahi   26/03/1958 Park. American Communicate 7.14   304.6 BOP 1966 21/05/2014 C-3 Books Non-fiction